Countries bordering the UK by EEZ - Statistics

General Stats
  • This quiz has been taken 24 times
  • The average score is 21 of 23
Answer Stats
Answer % Correct
Belgium
100%
Denmark
100%
France
100%
France
100%
France
100%
Ireland
100%
Netherlands
100%
Netherlands
100%
Norway
100%
Spain
100%
USA
100%
Cuba
95%
Saint Kitts and Nevis
95%
Antigua and Barbuda
85%
Dominican Republic
85%
Germany
85%
Haiti
85%
Jamaica
85%
Bahamas
80%
Venezuela
75%
Argentina
70%
Maldives
65%
Honduras
60%
No matching quizzes found
Score Distribution
Percent of People with Each Score
Percentile by Number Answered
Your Score History
You have not taken this quiz